| 000 -NÁVESTIE |
| fixed length control field |
00801nam a2200241 a 4500 |
| 001 - EVIDENČNÉ ČÍSLO ZÁZNAMU - Kontrolné číslo |
| control field |
vtls009613419 |
| 005 - DÁTUM A ČAS POSLEDNEJ TRANSAKCIE |
| control field |
20220207131948.0 |
| 008 - ÚDAJE S PEVNOU DĹŽKOU – VŠEOBECNÉ INFORMÁCIE |
| fixed length control field |
090627e2006 xo gr 000 m slo c |
| 020 ## - MEDZINÁRODNÉ ŠTANDARDNÉ ČÍSLO KNIHY (ISBN) |
| Medzinárodné štandardné číslo knihy (ISBN) |
8089092284 (viaz.) |
| Údaje o dostupnosti |
130.00 SK |
| 035 ## - Iný štandardný identifikátor |
| Iný štandardný identifikátor |
TNKK096339 |
| 040 ## - ZDROJ KATALOGIZÁCIE |
| Pôvodná katalogizujúca agentúra |
TTKJF |
| Jazyk katalogizácie |
slo |
| Prepisujúca agentúra |
TTKJF |
| Konvencie popisu |
AACR2 |
| 041 0# - KÓD JAZYKA |
| Kód jazyka textu/zvukovej stopy alebo samostatných nápisov |
slo |
| 044 ## - KÓD KRAJINY VYDAVATEĽA/PRODUCENTA |
| Kód krajiny MARC |
xo |
| Kód krajiny ISO |
SK |
| 245 00 - NÁZOV |
| Názov |
Nemôžu byť všetci páni, musia byť i ľudia alebo Breviár slovenských prísloví a porekadiel |
| Údaj o zodpovednosti atď. |
[zost. Kveta Dašková, Jana Steinerová] |
| 250 ## - ÚDAJ O PORADÍ VYDANIA |
| Údaj o poradí vydania |
3. vyd. |
| 260 ## - VYDAVATEĽSKÉ ÚDAJE, DISTRIBÚCIA ATĎ. |
| Miesto publikovania, distribúcie atď. |
Bratislava |
| Názov vydavateľa, distibútora atď. |
Q 111 |
| Dátum publikovania, distribúcie atď. |
2006 |
| 300 ## - FYZICKÝ POPIS |
| Rozsah |
167 s. |
| Rozmery |
15 cm |
| 490 1# - EDÍCIA |
| Edícia |
Všetci ľudia (možno) všetko vedia |
| 653 1# - INDEXAČNÝ TERMÍN – VOĽNÉ INDEXOVANIE |
| Neriadený termín |
príslovia slovenské |
| 653 1# - INDEXAČNÝ TERMÍN – VOĽNÉ INDEXOVANIE |
| Neriadený termín |
porekadlá slovenské |
| 700 1# - PRIDANÝ VSTUP – OSOBNÉ MENO |
| Osobné meno |
Dašková, Kveta, |
| Dátumy súvisiace s menom |
1935- |
| Kód roly |
com |
| -- |
2714 |
| 700 1# - PRIDANÝ VSTUP – OSOBNÉ MENO |
| Osobné meno |
Steinerová, Jana |
| Kód roly |
com |
| -- |
2715 |